[Event "European Chess Club Cup 2023"]
[Site "Durres, Albania"]
[Date "2023.10.02"]
[Round "2.1"]
[White "Blomqvist, Erik"]
[Black "Deac, Bogdan-Daniel"]
[Result "1/2-1/2"]
[TimeControl "90' + 30' & 30\""]
[WhiteElo "2509"]
[BlackElo "2701"]

1. e4 {[%clk 01:30:56]} {[%emt 00:00:02]} c5 {[%clk 01:30:43]} {[%emt
00:00:18]} 2. Nf3 {[%clk 01:31:11]} {[%emt 00:00:14]} e6 {[%clk 01:28:07]}
{[%emt 00:03:06]} 3. d4 {[%clk 01:30:03]} {[%emt 00:01:38]} cxd4 {[%clk
01:28:35]} {[%emt 00:00:03]} 4. Nxd4 {[%clk 01:30:26]} {[%emt 00:00:07]} a6
{[%clk 01:28:45]} {[%emt 00:00:20]} 5. c4 {[%clk 01:29:45]} {[%emt 00:01:11]}
Nf6 {[%clk 01:23:30]} {[%emt 00:05:45]} 6. Nc3 {[%clk 01:29:59]} {[%emt
00:00:15]} Qc7 {[%clk 01:21:14]} {[%emt 00:02:47]} 7. a3 {[%clk 01:28:25]}
{[%emt 00:02:03]} b6 {[%clk 01:19:50]} {[%emt 00:01:55]} 8. f4 {[%clk
01:22:15]} {[%emt 00:06:39]} Bb7 {[%clk 01:14:07]} {[%emt 00:06:14]} 9. Bd3
{[%clk 01:22:10]} {[%emt 00:00:35]} d6 {[%clk 01:08:49]} {[%emt 00:05:49]} 10.
Qe2 {[%clk 01:19:16]} {[%emt 00:03:23]} g6 {[%clk 01:04:09]} {[%emt 00:05:11]}
11. O-O {[%clk 00:59:38]} {[%emt 00:20:07]} Be7 {[%clk 00:53:12]} {[%emt
00:11:27]} 12. Bd2 {[%clk 00:49:58]} {[%emt 00:10:10]} Nbd7 {[%clk 00:49:05]}
{[%emt 00:04:38]} 13. b4 {[%clk 00:46:38]} {[%emt 00:03:49]} O-O {[%clk
00:45:39]} {[%emt 00:03:55]} 14. Kh1 {[%clk 00:35:14]} {[%emt 00:11:55]} Rfe8
{[%clk 00:45:34]} {[%emt 00:00:35]} 15. Nf3 {[%clk 00:35:01]} {[%emt 00:00:43]}
Bf8 {[%clk 00:44:24]} {[%emt 00:01:40]} 16. Rae1 {[%clk 00:33:59]} {[%emt
00:01:31]} Bg7 {[%clk 00:43:53]} {[%emt 00:01:02]} 17. Ng5 {[%clk 00:33:16]}
{[%emt 00:01:12]} Rad8 {[%clk 00:40:14]} {[%emt 00:04:09]} 18. Qf2 {[%clk
00:31:13]} {[%emt 00:02:34]} Bc6 {[%clk 00:38:32]} {[%emt 00:02:12]} 19. Qh4
{[%clk 00:29:19]} {[%emt 00:02:23]} Nf8 {[%clk 00:35:44]} {[%emt 00:03:19]} 20.
Re2 {[%clk 00:25:47]} {[%emt 00:04:01]} h6 {[%clk 00:30:00]} {[%emt 00:06:14]}
21. Nf3 {[%clk 00:25:06]} {[%emt 00:01:12]} N6h7 {[%clk 00:30:21]} {[%emt
00:00:09]} 22. Qf2 {[%clk 00:20:10]} {[%emt 00:05:26]} f5 {[%clk 00:29:59]}
{[%emt 00:00:52]} 23. Nd4 {[%clk 00:10:06]} {[%emt 00:10:33]} fxe4 {[%clk
00:18:26]} {[%emt 00:12:04]} 24. Nxe4 {[%clk 00:10:12]} {[%emt 00:00:24]} Bxe4
{[%clk 00:13:27]} {[%emt 00:05:29]} 25. Bxe4 {[%clk 00:07:42]} {[%emt
00:02:59]} Qxc4 {[%clk 00:13:20]} {[%emt 00:00:38]} 26. Nc6 {[%clk 00:07:32]}
{[%emt 00:00:40]} Rd7 {[%clk 00:11:22]} {[%emt 00:02:28]} 27. Rc1 {[%clk
00:07:17]} {[%emt 00:00:45]} Qb3 {[%clk 00:09:09]} {[%emt 00:02:43]} 28. Qxb6
{[%clk 00:06:08]} {[%emt 00:01:39]} Qxa3 {[%clk 00:09:11]} {[%emt 00:00:28]} 29.
Nb8 {[%clk 00:04:39]} {[%emt 00:01:59]} Rf7 {[%clk 00:05:35]} {[%emt 00:04:06]}
30. Qxa6 {[%clk 00:01:54]} {[%emt 00:03:15]} Qb3 {[%clk 00:05:54]} {[%emt
00:00:11]} 31. Qxd6 {[%clk 00:01:34]} {[%emt 00:00:50]} Nf6 {[%clk 00:05:10]}
{[%emt 00:01:15]} 32. Bf3 {[%clk 00:01:07]} {[%emt 00:00:57]} N8h7 {[%clk
00:02:29]} {[%emt 00:03:11]} 33. Nc6 {[%clk 00:00:55]} {[%emt 00:00:42]} Rd7
{[%clk 00:01:28]} {[%emt 00:01:31]} 34. Qc5 {[%clk 00:01:18]} {[%emt 00:00:06]}
Rd3 {[%clk 00:00:42]} {[%emt 00:01:15]} 35. Ne5 {[%clk 00:00:55]} {[%emt
00:00:53]} Rdd8 {[%clk 00:00:55]} {[%emt 00:00:19]} 36. Qc2 {[%clk 00:00:55]}
{[%emt 00:00:30]} Qxc2 {[%clk 00:01:14]} {[%emt 00:00:11]} 37. Rxc2 {[%clk
00:01:22]} {[%emt 00:00:03]} g5 {[%clk 00:01:40]} {[%emt 00:00:04]} 38. h3
{[%clk 00:00:42]} {[%emt 00:01:10]} Nd5 {[%clk 00:02:03]} {[%emt 00:00:07]} 39.
fxg5 {[%clk 00:00:35]} {[%emt 00:00:37]} Nxg5 {[%clk 00:02:14]} {[%emt
00:00:19]} 40. Bg4 {[%clk 00:00:43]} {[%emt 00:00:22]} Nf6 {[%clk 00:02:18]}
{[%emt 00:00:27]} 41. Bf3 {[%clk 00:24:44]} {[%emt 00:06:27]} Nxf3 {[%clk
00:31:48]} {[%emt 00:01:00]} 42. Nxf3 {[%clk 00:21:23]} {[%emt 00:03:51]} Rd6
{[%clk 00:30:08]} {[%emt 00:02:12]} 43. Ne5 {[%clk 00:19:28]} {[%emt 00:02:23]}
Nd5 {[%clk 00:27:36]} {[%emt 00:03:02]} 44. Nc6 {[%clk 00:14:37]} {[%emt
00:05:21]} Ra8 {[%clk 00:27:31]} {[%emt 00:00:35]} 45. Re1 {[%clk 00:14:20]}
{[%emt 00:00:46]} Ra6 {[%clk 00:07:57]} {[%emt 00:20:06]} 46. b5 {[%clk
00:12:03]} {[%emt 00:02:47]} Rb6 {[%clk 00:08:23]} {[%emt 00:00:04]} 47. Rb1
{[%clk 00:11:10]} {[%emt 00:01:22]} Kh7 {[%clk 00:08:52]} {[%emt 00:00:02]} 48.
Be1 {[%clk 00:09:12]} {[%emt 00:02:28]} Nc7 {[%clk 00:07:44]} {[%emt 00:01:37]}
49. Na7 {[%clk 00:05:22]} {[%emt 00:04:21]} Rb7 {[%clk 00:03:54]} {[%emt
00:04:20]} 50. Bg3 {[%clk 00:05:14]} {[%emt 00:00:37]} e5 {[%clk 00:03:43]}
{[%emt 00:00:42]} 51. Bf2 {[%clk 00:03:34]} {[%emt 00:02:09]} Rf6 {[%clk
00:01:45]} {[%emt 00:02:28]} 52. Bg1 {[%clk 00:03:31]} {[%emt 00:00:33]} e4
{[%clk 00:01:08]} {[%emt 00:01:08]} 53. Rc4 {[%clk 00:00:33]} {[%emt 00:03:29]}
Nd5 {[%clk 00:01:11]} {[%emt 00:00:26]} 54. Nc6 {[%clk 00:00:42]} {[%emt
00:00:20]} e3 {[%clk 00:01:13]} {[%emt 00:00:28]} 55. Rc5 {[%clk 00:00:37]}
{[%emt 00:00:35]} e2 {[%clk 00:00:47]} {[%emt 00:00:57]} 56. Re1 {[%clk
00:00:43]} {[%emt 00:00:23]} Nf4 {[%clk 00:00:51]} {[%emt 00:00:26]} 57. Ne5
{[%clk 00:00:31]} {[%emt 00:00:43]} Rd6 {[%clk 00:00:33]} {[%emt 00:00:48]} 58.
Nf3 {[%clk 00:00:31]} {[%emt 00:00:30]} Nd3 {[%clk 00:00:34]} {[%emt 00:00:29]}
59. Rxe2 {[%clk 00:00:41]} {[%emt 00:00:20]} Nxc5 {[%clk 00:01:00]} {[%emt
00:00:04]} 60. Bxc5 {[%clk 00:01:06]} {[%emt 00:00:05]} Rd1+ {[%clk 00:01:27]}
{[%emt 00:00:03]} 61. Kh2 {[%clk 00:01:21]} {[%emt 00:00:16]} Rxb5 {[%clk
00:01:55]} {[%emt 00:00:01]} 62. Bf2 {[%clk 00:01:12]} {[%emt 00:00:37]} h5
{[%clk 00:02:19]} {[%emt 00:00:08]} 63. g4 {[%clk 00:01:02]} {[%emt 00:00:40]}
hxg4 {[%clk 00:02:37]} {[%emt 00:00:12]} 64. hxg4 {[%clk 00:01:30]} {[%emt
00:00:02]} Rd3 {[%clk 00:02:57]} {[%emt 00:00:10]} 1/2-1/2

[Event "European Chess Club Cup 2023"]
[Site "Durres, Albania"]
[Date "2023.10.02"]
[Round "2.2"]
[White "Van Foreest, Jorden"]
[Black "Seo, Jung Min"]
[Result "1-0"]
[TimeControl "90' + 30' & 30\""]
[WhiteElo "2707"]
[BlackElo "2466"]

1. Nf3 {[%clk 01:30:53]} {[%emt 00:00:05]} Nf6 {[%clk 01:30:49]} {[%emt
00:00:13]} 2. c4 {[%clk 01:30:56]} {[%emt 00:00:26]} b6 {[%clk 01:30:32]}
{[%emt 00:00:47]} 3. d4 {[%clk 01:29:48]} {[%emt 00:01:38]} e6 {[%clk
01:30:54]} {[%emt 00:00:09]} 4. a3 {[%clk 01:30:10]} {[%emt 00:00:08]} Ba6
{[%clk 01:28:00]} {[%emt 00:03:23]} 5. Qc2 {[%clk 01:20:57]} {[%emt 00:09:42]}
Bb7 {[%clk 01:27:49]} {[%emt 00:00:41]} 6. Nc3 {[%clk 01:18:16]} {[%emt
00:03:11]} c5 {[%clk 01:26:15]} {[%emt 00:02:04]} 7. dxc5 {[%clk 01:18:36]}
{[%emt 00:00:10]} Bxc5 {[%clk 01:21:41]} {[%emt 00:05:03]} 8. Bf4 {[%clk
01:14:56]} {[%emt 00:04:10]} O-O {[%clk 01:18:58]} {[%emt 00:03:14]} 9. Rd1
{[%clk 01:15:18]} {[%emt 00:00:08]} Nc6 {[%clk 01:15:55]} {[%emt 00:03:33]} 10.
e3 {[%clk 01:14:48]} {[%emt 00:01:01]} Nh5 {[%clk 01:08:32]} {[%emt 00:07:53]}
11. Bg3 {[%clk 01:10:02]} {[%emt 00:05:15]} f5 {[%clk 01:04:20]} {[%emt
00:04:42]} 12. Be2 {[%clk 01:10:12]} {[%emt 00:00:20]} Nxg3 {[%clk 01:02:44]}
{[%emt 00:02:06]} 13. hxg3 {[%clk 01:07:48]} {[%emt 00:02:54]} g6 {[%clk
00:53:18]} {[%emt 00:09:56]} 14. O-O {[%clk 01:06:11]} {[%emt 00:02:06]} Rf7
{[%clk 00:49:13]} {[%emt 00:04:36]} 15. Rd2 {[%clk 00:58:10]} {[%emt 00:08:31]}
Qf6 {[%clk 00:44:56]} {[%emt 00:04:47]} 16. Rfd1 {[%clk 00:58:33]} {[%emt
00:00:06]} Rd8 {[%clk 00:44:20]} {[%emt 00:01:07]} 17. Nb5 {[%clk 00:57:43]}
{[%emt 00:01:20]} g5 {[%clk 00:36:53]} {[%emt 00:07:57]} 18. b4 {[%clk
00:55:29]} {[%emt 00:02:43]} Bf8 {[%clk 00:37:17]} {[%emt 00:00:07]} 19. Nd6
{[%clk 00:55:50]} {[%emt 00:00:08]} Bxd6 {[%clk 00:37:29]} {[%emt 00:00:19]} 20.
Rxd6 {[%clk 00:56:12]} {[%emt 00:00:08]} Ne5 {[%clk 00:28:47]} {[%emt
00:09:12]} 21. Nxe5 {[%clk 00:53:38]} {[%emt 00:03:03]} Qxe5 {[%clk 00:29:14]}
{[%emt 00:00:04]} 22. Qd2 {[%clk 00:41:04]} {[%emt 00:13:04]} Re7 {[%clk
00:23:40]} {[%emt 00:06:04]} 23. c5 {[%clk 00:34:58]} {[%emt 00:06:36]} bxc5
{[%clk 00:23:56]} {[%emt 00:00:14]} 24. bxc5 {[%clk 00:35:25]} {[%emt
00:00:03]} Qxc5 {[%clk 00:14:52]} {[%emt 00:09:34]} 25. Qb2 {[%clk 00:35:45]}
{[%emt 00:00:10]} Bd5 {[%clk 00:15:06]} {[%emt 00:00:16]} 26. Qe5 {[%clk
00:35:29]} {[%emt 00:00:46]} Rg7 {[%clk 00:14:25]} {[%emt 00:01:11]} 27. Bf3
{[%clk 00:35:45]} {[%emt 00:00:13]} Qc2 {[%clk 00:13:59]} {[%emt 00:00:56]} 28.
R1xd5 {[%clk 00:34:56]} {[%emt 00:01:19]} exd5 {[%clk 00:14:08]} {[%emt
00:00:22]} 29. g4 {[%emt 00:20:10]} Kh8 {[%clk 00:01:21]} 30. gxf5 {[%clk
00:28:18]} {[%emt 00:00:45]} g4 {[%clk 00:01:06]} {[%emt 00:00:45]} 31. f6
{[%clk 00:26:20]} {[%emt 00:02:27]} Rf7 {[%clk 00:01:17]} {[%emt 00:00:19]} 32.
Rxd7 {[%clk 00:25:44]} {[%emt 00:01:05]} Rg8 {[%clk 00:00:36]} {[%emt
00:01:12]} 33. Rxf7 {[%clk 00:25:56]} {[%emt 00:00:18]} gxf3 {[%clk 00:01:01]}
{[%emt 00:00:06]} 34. Rxh7+ {[%clk 00:26:14]} {[%emt 00:00:11]} Qxh7 {[%clk
00:00:58]} {[%emt 00:00:33]} 35. f7+ {[%clk 00:26:38]} {[%emt 00:00:05]} Qg7
{[%clk 00:01:17]} {[%emt 00:00:11]} 36. Qh5+ {[%clk 00:27:03]} {[%emt
00:00:06]} Qh7 {[%clk 00:01:44]} {[%emt 00:00:03]} 37. Qxh7+ {[%clk 00:27:23]}
{[%emt 00:00:10]} Kxh7 {[%clk 00:02:09]} {[%emt 00:00:05]} 38. fxg8=B+ {[%clk
00:27:46]} {[%emt 00:00:07]} Kxg8 {[%clk 00:02:33]} {[%emt 00:00:06]} 39. gxf3
{[%clk 00:28:09]} {[%emt 00:00:06]} a5 {[%clk 00:03:00]} {[%emt 00:00:03]} 40.
Kf1 {[%clk 00:28:29]} {[%emt 00:00:11]} Kf7 {[%clk 00:03:25]} {[%emt 00:00:05]}
41. Ke2 {[%clk 00:28:53]} {[%emt 00:00:06]} Kg6 {[%clk 00:03:52]} {[%emt
00:00:03]} 42. Kd3 {[%clk 00:29:11]} {[%emt 00:00:13]} a4 {[%clk 00:04:19]}
{[%emt 00:00:02]} 43. Kd4 {[%clk 00:29:35]} {[%emt 00:00:06]} Kg5 {[%clk
00:04:47]} {[%emt 00:00:03]} 44. Kxd5 {[%clk 00:29:59]} {[%emt 00:00:06]} Kh4
{[%clk 00:05:15]} {[%emt 00:00:02]} 45. e4 {[%clk 00:30:19]} {[%emt 00:00:10]}
Kh3 {[%clk 00:05:42]} {[%emt 00:00:02]} 46. e5 {[%clk 00:30:44]} {[%emt
00:00:04]} Kg2 {[%clk 00:06:10]} {[%emt 00:00:02]} 47. e6 {[%clk 00:31:08]}
{[%emt 00:00:07]} Kf1 {[%clk 00:06:39]} {[%emt 00:00:02]} 48. e7 {[%clk
00:31:32]} {[%emt 00:00:05]} Kg1 {[%clk 00:07:07]} {[%emt 00:00:02]} 49. e8=Q
{[%clk 00:31:56]} {[%emt 00:00:06]} 1-0

[Event "European Chess Club Cup 2023"]
[Site "Durres, Albania"]
[Date "2023.10.02"]
[Round "2.3"]
[White "Trost, Edvin"]
[Black "Fedoseev, Vladimir"]
[Result "0-1"]
[TimeControl "90' + 30' & 30\""]
[WhiteElo "2442"]
[BlackElo "2691"]

1. e4 {[%clk 01:30:56]} {[%emt 00:00:03]} c5 {[%clk 01:29:53]} {[%emt
00:01:08]} 2. Nf3 {[%clk 01:31:15]} {[%emt 00:00:11]} Nc6 {[%clk 01:29:58]}
{[%emt 00:00:25]} 3. d4 {[%clk 01:30:56]} {[%emt 00:00:49]} cxd4 {[%clk
01:30:17]} {[%emt 00:00:11]} 4. Nxd4 {[%clk 01:31:21]} {[%emt 00:00:05]} e5
{[%clk 01:25:57]} {[%emt 00:04:50]} 5. Nb5 {[%clk 01:31:32]} {[%emt 00:00:19]}
d6 {[%clk 01:26:25]} {[%emt 00:00:01]} 6. N1c3 {[%clk 01:31:31]} {[%emt
00:00:30]} a6 {[%clk 01:25:05]} {[%emt 00:01:50]} 7. Na3 {[%clk 01:31:47]}
{[%emt 00:00:14]} b5 {[%clk 01:25:14]} {[%emt 00:00:21]} 8. Nd5 {[%clk
01:31:24]} {[%emt 00:00:54]} Rb8 {[%clk 01:22:30]} {[%emt 00:03:13]} 9. c4
{[%clk 01:25:09]} {[%emt 00:06:46]} b4 {[%clk 01:20:12]} {[%emt 00:02:49]} 10.
Nc2 {[%clk 01:25:25]} {[%emt 00:00:13]} Nf6 {[%clk 01:16:39]} {[%emt 00:04:02]}
11. Bd3 {[%clk 01:24:43]} {[%emt 00:01:12]} Be7 {[%clk 01:16:35]} {[%emt
00:00:35]} 12. O-O {[%clk 01:24:19]} {[%emt 00:00:54]} O-O {[%clk 01:16:40]}
{[%emt 00:00:26]} 13. a3 {[%clk 01:23:13]} {[%emt 00:01:36]} bxa3 {[%clk
01:13:12]} {[%emt 00:03:58]} 14. Rxa3 {[%clk 01:21:21]} {[%emt 00:02:22]} a5
{[%clk 01:12:30]} {[%emt 00:01:11]} 15. Na1 {[%clk 01:03:57]} {[%emt 00:17:55]}
Nxd5 {[%clk 01:04:01]} {[%emt 00:08:58]} 16. cxd5 {[%clk 01:03:01]} {[%emt
00:01:25]} Nb4 {[%clk 01:04:27]} {[%emt 00:00:05]} 17. Be2 {[%clk 00:56:13]}
{[%emt 00:07:18]} Bd7 {[%clk 01:02:51]} {[%emt 00:02:06]} 18. Bd2 {[%clk
00:49:19]} {[%emt 00:07:25]} Qc7 {[%clk 00:56:45]} {[%emt 00:06:35]} 19. Qc1
{[%clk 00:44:29]} {[%emt 00:05:20]} Qd8 {[%clk 00:55:58]} {[%emt 00:01:18]} 20.
Qd1 {[%clk 00:42:13]} {[%emt 00:02:46]} f5 {[%clk 00:49:30]} {[%emt 00:06:57]}
21. exf5 {[%clk 00:41:53]} {[%emt 00:00:51]} Bxf5 {[%clk 00:48:59]} {[%emt
00:01:01]} 22. Bg4 {[%clk 00:33:14]} {[%emt 00:09:08]} Qd7 {[%clk 00:45:10]}
{[%emt 00:04:19]} 23. Bxf5 {[%clk 00:33:26]} {[%emt 00:00:19]} Qxf5 {[%clk
00:45:32]} {[%emt 00:00:08]} 24. Qb1 {[%clk 00:14:58]} {[%emt 00:18:58]} Qxb1
{[%clk 00:42:48]} {[%emt 00:03:13]} 25. Rxb1 {[%clk 00:15:15]} {[%emt
00:00:14]} Bd8 {[%clk 00:43:13]} {[%emt 00:00:05]} 26. Bxb4 {[%clk 00:09:56]}
{[%emt 00:05:49]} Rxb4 {[%clk 00:37:09]} {[%emt 00:06:35]} 27. Nc2 {[%clk
00:08:05]} {[%emt 00:02:21]} Rb5 {[%clk 00:34:31]} {[%emt 00:03:08]} 28. Ne3
{[%clk 00:05:20]} {[%emt 00:03:14]} Bb6 {[%clk 00:34:55]} {[%emt 00:00:06]} 29.
Rd3 {[%clk 00:05:43]} {[%emt 00:00:08]} a4 {[%clk 00:30:06]} {[%emt 00:05:19]}
30. Ra3 {[%clk 00:05:02]} {[%emt 00:01:11]} Rf4 {[%clk 00:28:27]} {[%emt
00:02:08]} 31. g3 {[%clk 00:03:48]} {[%emt 00:01:44]} Re4 {[%clk 00:27:27]}
{[%emt 00:01:29]} 32. Rba1 {[%clk 00:02:00]} {[%emt 00:02:18]} Rbb4 {[%clk
00:26:46]} {[%emt 00:01:11]} 33. R1a2 {[%clk 00:01:34]} {[%emt 00:00:56]} Bc5
{[%clk 00:26:06]} {[%emt 00:01:10]} 34. Kf1 {[%clk 00:00:33]} {[%emt 00:01:31]}
Rbd4 {[%clk 00:24:07]} {[%emt 00:02:28]} 35. Rc3 {[%clk 00:01:01]} {[%emt
00:00:03]} Rd2 {[%clk 00:24:20]} {[%emt 00:00:17]} 36. Ke1 {[%clk 00:01:18]}
{[%emt 00:00:13]} Red4 {[%clk 00:22:59]} {[%emt 00:01:51]} 37. Rc4 {[%clk
00:01:12]} {[%emt 00:00:36]} R4d3 {[%clk 00:19:36]} {[%emt 00:03:53]} 38. Raxa4
{[%clk 00:00:32]} {[%emt 00:01:10]} Bxe3 {[%clk 00:18:21]} {[%emt 00:01:45]} 39.
fxe3 {[%clk 00:00:57]} {[%emt 00:00:05]} Rxh2 {[%clk 00:18:22]} {[%emt
00:00:29]} 40. Rc3 {[%clk 00:00:43]} {[%emt 00:00:44]} Rdd2 {[%clk 00:16:59]}
{[%emt 00:01:53]} 41. Ra7 {[%clk 00:27:46]} {[%emt 00:03:27]} h5 {[%clk
00:47:20]} {[%emt 00:00:09]} 42. Rcc7 {[%clk 00:14:23]} {[%emt 00:13:53]} Rxb2
{[%clk 00:47:42]} {[%emt 00:00:08]} 43. Rxg7+ {[%clk 00:14:51]} {[%emt
00:00:02]} Kf8 {[%clk 00:48:11]} 44. Rgf7+ {[%clk 00:15:11]} {[%emt 00:00:10]}
Ke8 {[%clk 00:48:37]} {[%emt 00:00:05]} 45. Rfe7+ {[%clk 00:15:33]} {[%emt
00:00:08]} Kd8 {[%clk 00:49:00]} {[%emt 00:00:06]} 46. Red7+ {[%clk 00:16:01]}
{[%emt 00:00:03]} Kc8 {[%clk 00:49:23]} {[%emt 00:00:07]} 47. Rdc7+ {[%clk
00:16:29]} {[%emt 00:00:02]} Kb8 {[%clk 00:49:51]} {[%emt 00:00:02]} 0-1